000 00821nam a22002057a 4500
005 20241217150021.0
010 _aHIN-125682
020 _c200.00
_a9789358908749
035 _aHN-98028
037 _bDBAD/PUB
082 _a821
100 _aभट्ट, गोपाल कृष्ण
_975272
245 _aगीत संजीवनी: छंदबद्ध गीतों का संग्रह /
_cगोपाल कृष्ण भट्ट
260 _bगोपाल कृष्ण भट्ट
_c2023
_aकोटा
270 _a817 महावीर नगर ii कोटा
_bराजस्थान
_e324005
300 _a120पृ.
_c23 सेमी(सजिल्द )
650 _x
_z
_975273
650 _v
_975274
942 _2ddc
_cHN
_h821
_mभट्टग
999 _c197601
_d197601